000 00635nam a22002417a 4500
003 UA-OsUOA
001 65554
007 ta
008 20091126b un ||||| |||| 00| 0 ukr d
100 _aСлавута-Логвиненко А.
090 _a821.161.2-1
_bС47
942 _cBK
040 _aUA-OsUOA
_bukr
_cUA-OsUOA
_dUA-OsUOA
245 _aЗаручник часу
300 _a220 с.
955 _a2
041 _aukr
080 _a821.161.2-1
020 _a966-7671-30-5
260 _aК.
_bПульсари
_c2001
650 7 _a82 Література. Літературознавство
_2UDC
999 _c351544
_d351544